00828nam a2200181 a 450000100100000000500170001000800410002704000250006811000680009324501490016126000620031030000300037249000460040259000260044883000500047495201050052499900170062900004870420201002061337.0190410s2016 dr a 000 0 spa d aDO-SdBNPbspacBNPHU1 aSuperintendencia de ElectricidadbRepública Dominicana97615210aReglamento para tratamiento y aprobación de planos y solicitudes interconexión a la red de distribución :bresolución SIE-030-2015-MEMI. aSanto Domingo :bSuperintendencia de Electricidad,c2016. a[24] p. :bils. ;c28 cm.1 aMercado eléctronico minorista (MEMI)v6 aInventariado, 2019/VM 0aMercado eléctronico minorista (MEMI)976161 0010718PDaPDbPDcHDd2019-04-10iLF1l0o p48704-10r2020-06-25w2020-06-25yLFPDZNo se presta c48192d48192